[Event "Summer Team Tournament 2020"]
[Site "Skype"]
[Date "????.??.??"]
[Round "2"]
[White "Elias, Roberto"]
[Black "Ambrosino, Theo"]
[Result "1-0"]
[WhiteElo "1876"]
[BlackElo "1684"]
[PlyCount "43"]

1. c4 e5 2. Nc3 Nc6 3. e3 Nf6 4. d4 d6 5. Nf3 Bg4 6. Be2 exd4 7. Nxd4 Bxe2 8.
Qxe2 Nxd4 9. exd4+ Be7 10. O-O O-O 11. Re1 Re8 12. Qf3 Qd7 13. Qxb7 d5 14. Nxd5
Nxd5 15. cxd5 Rab8 16. Qc6 Qf5 17. b3 Kf8 18. Bb2 Bb4 19. Rxe8+ Rxe8 20. Qc4
Re1+ 21. Rxe1 Bxe1 22. Ba3+ 1-0

[Event "Summer Team Tournament 2020"]
[Site "Skype"]
[Date "????.??.??"]
[Round "2"]
[White "Amato, Ludovica"]
[Black "Vello, Pablo"]
[Result "1/2-1/2"]
[WhiteElo "1402"]
[BlackElo "1527"]
[PlyCount "48"]

1. e4 e6 2. d4 d5 3. exd5 exd5 4. Bd3 Bd6 5. Qf3 c6 6. Ne2 Qf6 7. Qxf6 Nxf6 8.
f3 O-O 9. O-O Nbd7 10. Bf4 Be7 11. Nbc3 Nh5 12. Be3 Re8 13. Rfe1 Bb4 14. Bf2
Nf8 15. a3 Bxc3 16. Nxc3 Rxe1+ 17. Rxe1 Bd7 18. Ne2 Re8 19. Ng3 Rxe1+ 20. Bxe1
Nf4 21. Bf5 N4e6 22. Ne2 g6 23. Bd3 Ng7 24. Bd2 Bf5 1/2-1/2

[Event "Summer Team Tournament 2020"]
[Site "Skype"]
[Date "????.??.??"]
[Round "2"]
[White "Bustos, Ricardo"]
[Black "Pirola, Gabriele"]
[Result "1-0"]
[WhiteElo "1216"]
[BlackElo "1000"]
[PlyCount "77"]

1. c4 Nf6 2. Nc3 d6 3. g3 g6 4. Bg2 Bg7 5. e4 O-O 6. Nge2 Be6 7. d3 Ng4 8. f3
Bxc3+ 9. Nxc3 Nf6 10. O-O Nbd7 11. Be3 c5 12. Nd5 Nxd5 13. exd5 Bf5 14. g4 Bxd3
15. Qxd3 Qb6 16. Rab1 Ne5 17. Qc2 Qa6 18. b3 b5 19. Bf4 bxc4 20. Bxe5 cxb3 21.
axb3 dxe5 22. Qxc5 Rfc8 23. Qxe7 Qb6+ 24. Kh1 Re8 25. Qh4 Rad8 26. Qf2 Qa6 27.
Rfd1 Qb5 28. Bf1 Qb7 29. Qd2 Re7 30. Bc4 Rde8 31. Qd3 e4 32. fxe4 Rxe4 33. Qf3
R4e5 34. Rf1 Re3 35. Qg2 Re2 36. Bxe2 Rxe2 37. Qxe2 Qxd5+ 38. Qg2 Qxg2+ 39.
Kxg2 1-0

[Event "Summer Team Tournament 2020"]
[Site "Skype"]
[Date "????.??.??"]
[Round "2"]
[White "More, Sanskruti"]
[Black "Berbedes, Jorgelina"]
[Result "1-0"]
[WhiteElo "1000"]
[BlackElo "1074"]
[PlyCount "25"]

1. e4 e5 2. Nf3 Nc6 3. Bc4 Nf6 4. d3 Bc5 5. O-O O-O 6. h3 h6 7. c3 d6 8. Re1 b6
9. b4 Bxf2+ 10. Kxf2 a6 11. a4 Bd7 12. Nbd2 Re8 13. Qb3 1-0

[Event "Summer Team Tournament 2020"]
[Site "Skype"]
[Date "????.??.??"]
[Round "2"]
[White "Calderon, Francisco"]
[Black "Davis, Michael"]
[Result "1-0"]
[WhiteElo "1683"]
[BlackElo "1530"]
[PlyCount "53"]

1. e4 c5 2. Bc4 Nc6 3. c3 g6 4. Nf3 Bg7 5. d3 e6 6. Be3 d5 7. exd5 exd5 8. Bb3
Qd6 9. Qe2 Nge7 10. Na3 h6 11. Nb5 Qd7 12. Bxc5 O-O 13. Nbd4 Re8 14. O-O Nf5
15. Qd2 b6 16. Nxf5 Qxf5 17. Be3 h5 18. d4 Be6 19. Bc2 Qf6 20. Bg5 Bh6 21. Bxh6
Qd8 22. Bg5 Qd6 23. Bf4 Qd7 24. Ne5 Nxe5 25. Bxe5 f5 26. Qh6 Qf7 27. Qh8# 1-0

[Event "Summer Team Tournament 2020"]
[Site "Skype"]
[Date "????.??.??"]
[Round "2"]
[White "Rosenkoetter, David"]
[Black "Pezzolato, Erica"]
[Result "0-1"]
[WhiteElo "1286"]
[BlackElo "1458"]
[PlyCount "96"]

1. e4 d6 2. d4 Nf6 3. Nc3 g6 4. f4 Bg7 5. Nf3 O-O 6. e5 dxe5 7. fxe5 Nfd7 8.
Be3 c5 9. Qd2 cxd4 10. Bxd4 e6 11. O-O-O Nc6 12. Qe3 Nxd4 13. Qxd4 a6 14. Bc4
Qa5 15. Kb1 Nxe5 16. Nxe5 Bxe5 17. Qe3 Qc7 18. Qe4 Bxc3 19. bxc3 Rb8 20. Bb3
Qxc3 21. Rd3 Qc6 22. Qxc6 bxc6 23. Rhd1 Bb7 24. h4 h6 25. g4 c5 26. Bc4 Be4+
27. Ka1 Bxd3 28. Rxd3 a5 29. Rc3 Rfd8 30. Bd3 Rd4 31. Rxc5 Rxg4 32. a3 Rg1+ 33.
Ka2 Rgb1 34. Rb5 R1xb5 35. Bxb5 Rxb5 36. c4 Rb8 37. c5 e5 38. c6 e4 39. h5 gxh5
40. c7 Rc8 41. Kb3 Rxc7 42. Ka4 e3 43. Kb5 e2 44. a4 e1=Q 45. Ka6 Qe6+ 46. Kb5
Qc6+ 47. Kxa5 Qc5+ 48. Ka6 Ra7# 0-1

[Event "Summer Team Tournament 2020"]
[Site "Skype"]
[Date "????.??.??"]
[Round "2"]
[White "Bosetti, Giancarlo"]
[Black "Reese, Evan"]
[Result "0-1"]
[WhiteElo "1356"]
[BlackElo "1235"]
[PlyCount "54"]

1. e4 e5 2. Nf3 Nc6 3. Bc4 Be7 4. c3 d6 5. O-O Bg4 6. d4 Nf6 7. Re1 O-O 8. Bg5
Qd7 9. Nbd2 a6 10. a4 exd4 11. cxd4 Nh5 12. Bxe7 Nxe7 13. Be2 Be6 14. Ng5 c6
15. b4 Nf4 16. Nxe6 Qxe6 17. Bg4 f5 18. Bxf5 Nxf5 19. exf5 Qd5 20. Ne4 Rxf5 21.
Qd3 Rg5 22. Qf3 Rxg2+ 23. Kh1 Rf8 24. Rad1 Qe6 25. Rg1 Nh3 26. Rxg2 Rxf3 27.
Re1 d5 0-1

[Event "Summer Team Tournament 2020"]
[Site "Skype"]
[Date "????.??.??"]
[Round "2"]
[White "Alverson, Ginny"]
[Black "De Fazio, Monica"]
[Result "1-0"]
[WhiteElo "1016"]
[BlackElo "1125"]
[PlyCount "45"]

1. Nf3 Nf6 2. d4 d5 3. e3 e6 4. Bb5+ c6 5. Bd3 Bd6 6. O-O O-O 7. Nbd2 e5 8.
dxe5 Ne4 9. exd6 Nxd2 10. Qxd2 Qxd6 11. Re1 Nd7 12. Ng5 Nf6 13. e4 Re8 14. e5
Rxe5 15. Bxh7+ Nxh7 16. Nf3 Re4 17. Rxe4 dxe4 18. Qxd6 exf3 19. Qd8+ Nf8 20.
Bg5 f6 21. Re1 fxg5 22. Re8 Kf7 23. Qe7+ 1-0

[Event "Summer Team Tournament 2020"]
[Site "Skype"]
[Date "????.??.??"]
[Round "2"]
[White "Lovell, Stan"]
[Black "De Almeida, Renato Barbosa"]
[Result "1-0"]
[WhiteElo "1634"]
[BlackElo "1630"]
[PlyCount "77"]

1. e4 c5 2. Nc3 d6 3. f4 Nc6 4. Nf3 Bg4 5. Bb5 Rc8 6. O-O a6 7. Bxc6+ Rxc6 8.
d3 e5 9. f5 Nf6 10. h3 Bxf3 11. Qxf3 Be7 12. Kh1 O-O 13. g4 g6 14. g5 Nh5 15.
f6 Kh8 16. Nd5 Bxf6 17. Nxf6 Nxf6 18. gxf6 Qd7 19. Bh6 Rd8 20. h4 Rc7 21. h5
Qe6 22. c4 b5 23. b3 Rdd7 24. Rf2 Rb7 25. Bg7+ Kg8 26. Rh2 bxc4 27. dxc4 a5 28.
hxg6 fxg6 29. Qh3 Qxh3 30. Rxh3 Rxg7 31. fxg7 Kxg7 32. Rf1 Ra7 33. a4 Rb7 34.
Rf2 Rb8 35. Rhf3 Rb7 36. Kg2 Ra7 37. Rf8 Rb7 38. R2f3 h5 39. Ra8 1-0

[Event "Summer Team Tournament 2020"]
[Site "Skype"]
[Date "????.??.??"]
[Round "2"]
[White "Carlos Souza, Fernando"]
[Black "Maccaferri, Massimo"]
[Result "1-0"]
[WhiteElo "1000"]
[BlackElo "1152"]
[PlyCount "67"]

1. c4 b6 2. d4 Ba6 3. e4 e6 4. Nf3 f5 5. Nc3 fxe4 6. Nxe4 d5 7. Neg5 h6 8. Nxe6
Qe7 9. Qe2 dxc4 10. Qe4 c6 11. Nc7+ Kd7 12. Qxe7+ Bxe7 13. Nxa8 Nf6 14. Ne5+
Kc8 15. Bxc4 Bxc4 16. Nxc4 Re8 17. O-O Kb7 18. Naxb6 axb6 19. Bf4 Bb4 20. a3
Bf8 21. Bd6 Nbd7 22. Rfe1 Ra8 23. Bxf8 Nxf8 24. Re7+ N8d7 25. Rxg7 b5 26. Ne5
Kc7 27. Nxd7 Nxd7 28. Rh7 b4 29. a4 Ra5 30. b3 Rd5 31. a5 Kb7 32. Rxh6 Rxd4 33.
a6+ Ka7 34. Rxc6 1-0

[Event "Summer Team Tournament 2020"]
[Site "Skype"]
[Date "????.??.??"]
[Round "2"]
[White "Telles, Rigoberto"]
[Black "Aranzubia, Desiderio"]
[Result "1-0"]
[WhiteElo "1307"]
[BlackElo "1602"]
[PlyCount "30"]

1. e4 c6 2. d4 d5 3. exd5 cxd5 4. Nc3 a6 5. Nf3 Nf6 6. Bd3 Nc6 7. O-O e6 8. Be3
Bd6 9. h3 h6 10. g4 b5 11. Kh1 Bb7 12. a3 b4 13. Ne2 bxa3 14. bxa3 Rc8 15. c3
Nh5 1-0

[Event "Summer Team Tournament 2020"]
[Site "Skype"]
[Date "????.??.??"]
[Round "2"]
[White "Escudero, Francisco"]
[Black "Suazo, Olvin"]
[Result "0-1"]
[WhiteElo "1414"]
[BlackElo "1000"]
[PlyCount "50"]

1. e4 e5 2. Nf3 Nc6 3. Bb5 a6 4. Ba4 Nf6 5. d3 Bc5 6. Bg5 d6 7. h3 O-O 8. Bxc6
bxc6 9. Nc3 h6 10. Bxf6 Qxf6 11. Ne2 Rb8 12. b3 Ba7 13. d4 Rd8 14. d5 cxd5 15.
exd5 e4 16. Ned4 exf3 17. Qxf3 Qxd4 18. Rd1 Re8+ 19. Kf1 Qb4 20. c4 Bd4 21. Rc1
Qa3 22. Rc2 Rxb3 23. Qxb3 Qxb3 24. axb3 Bf5 25. Re2 Bd3 0-1

[Event "Summer Team Tournament 2020"]
[Site "Skype"]
[Date "????.??.??"]
[Round "2"]
[White "Mora, Carlos Alberto"]
[Black "Hernandez, Joaquin"]
[Result "1-0"]
[WhiteElo "1000"]
[BlackElo "1300"]
[PlyCount "49"]

1. c4 g6 2. d4 c6 3. e4 e6 4. Nc3 Bg7 5. Nf3 d6 6. Bf4 Ne7 7. Be2 Qc7 8. c5 e5
9. cxd6 Qxd6 10. Bxe5 Bxe5 11. Nxe5 O-O 12. O-O Nd7 13. Nc4 Qc7 14. a4 a5 15.
b3 h5 16. e5 Nd5 17. Nxd5 cxd5 18. Nd6 Nb6 19. f4 Qc3 20. Rf3 Qc6 21. Rc1 Qd7
22. f5 gxf5 23. Rg3+ Kh8 24. Bb5 Qe7 25. Qxh5# 1-0

[Event "Summer Team Tournament 2020"]
[Site "Skype"]
[Date "????.??.??"]
[Round "2"]
[White "Montilla Bejarano, Carmen"]
[Black "Urda, Carlos Mario"]
[Result "0-1"]
[WhiteElo "1077"]
[BlackElo "1000"]
[PlyCount "86"]

1. e4 e6 2. Nf3 a6 3. c4 c5 4. Nc3 Nc6 5. Be2 g6 6. O-O Bg7 7. Qb3 Nge7 8. a4
O-O 9. a5 e5 10. Qa3 d6 11. Nd5 Nxd5 12. cxd5 Nb4 13. Bd1 Bg4 14. Re1 f5 15. h3
Bxf3 16. Qxf3 fxe4 17. Qxe4 Rf4 18. Qe3 Nxd5 19. Qd3 Nb4 20. Qb3+ Kh8 21. d3
Rf8 22. Bd2 Qf6 23. Re2 Rae8 24. Bxb4 cxb4 25. Qxb4 Re7 26. Bb3 Rd8 27. Rae1
Bf8 28. Bd5 Rdd7 29. f4 exf4 30. Rxe7 Bxe7 31. Bxb7 d5 32. Qb3 Bc5+ 33. Kh1 Qd4
34. Bc6 Re7 35. Qb8+ Kg7 36. Rxe7+ Bxe7 37. Qb7 Kf6 38. Bxd5 Qc5 39. Qxa6+ Bd6
40. Qb7 Qc1+ 41. Kh2 f3+ 42. g3 Qd2+ 43. Kh1 Qg2# 0-1

[Event "Summer Team Tournament 2020"]
[Site "Skype"]
[Date "????.??.??"]
[Round "2"]
[White "Le Brun, Yves"]
[Black "Da Silva, Sidnei Silvestre"]
[Result "1-0"]
[WhiteElo "1611"]
[BlackElo "1566"]
[PlyCount "65"]

1. d4 d5 2. c4 e6 3. Nf3 Nf6 4. g3 Bb4+ 5. Bd2 Bxd2+ 6. Nbxd2 Nbd7 7. Qc2 c6 8.
Bg2 Qe7 9. O-O Nb6 10. Ne5 O-O 11. c5 Nbd7 12. e4 dxe4 13. Nxe4 Nxe4 14. Qxe4
Nf6 15. Qc2 Rd8 16. Rad1 Nd5 17. a3 Qe8 18. Rfe1 Ne7 19. h4 Nf5 20. Qe4 Rd5 21.
Qf4 Rd8 22. Kh2 f6 23. Nc4 e5 24. dxe5 Rxd1 25. Rxd1 Be6 26. Nd6 Nxd6 27. exd6
Qd7 28. f3 Bd5 29. Re1 Re8 30. Rxe8+ Qxe8 31. Qf5 Qe6 32. Qxe6+ Bxe6 33. Bh3
1-0

[Event "Summer Team Tournament 2020"]
[Site "Skype"]
[Date "????.??.??"]
[Round "2"]
[White "Lopes, Marcia Maria"]
[Black "Galani, Mahendra"]
[Result "0-1"]
[WhiteElo "1363"]
[BlackElo "1458"]
[PlyCount "76"]

1. e4 e5 2. Nf3 Nc6 3. Bc4 h6 4. O-O Nf6 5. d3 d6 6. Re1 Nh7 7. c3 Qf6 8. h3
Be7 9. a4 Qg6 10. Kh1 Na5 11. Ba2 Bd7 12. b4 Nc6 13. b5 Nd8 14. d4 Ng5 15. Nxg5
hxg5 16. f3 Ne6 17. Be3 exd4 18. cxd4 c6 19. Nc3 Nf4 20. Bxf4 gxf4 21. Ne2 Qg5
22. Ng1 Qg3 23. Qe2 g5 24. e5 d5 25. bxc6 bxc6 26. Qf1 g4 27. Rab1 gxh3 28.
gxh3 Bxh3 29. Nxh3 Rxh3+ 30. Qxh3 Qxh3+ 31. Kg1 Qg3+ 32. Kh1 Qxf3+ 33. Kg1 Bh4
34. Rf1 Qe3+ 35. Kh1 Bf2 36. Rxf2 Qxf2 37. Bb3 f3 38. Rg1 Qh4# 0-1

[Event "Summer Team Tournament 2020"]
[Site "Skype"]
[Date "????.??.??"]
[Round "2"]
[White "Milanese, Serge"]
[Black "Carvalho, Cleiton Francisco de"]
[Result "0-1"]
[WhiteElo "1277"]
[BlackElo "1000"]
[PlyCount "98"]

1. d4 e6 2. Bf4 Nf6 3. e3 Bb4+ 4. c3 Be7 5. Bd3 b6 6. Nf3 Bb7 7. Nbd2 Nh5 8.
Bg3 Nxg3 9. hxg3 d6 10. Bc2 a6 11. Qe2 Nd7 12. O-O-O c5 13. Rh2 Qc7 14. Kb1 b5
15. a3 b4 16. cxb4 cxb4 17. Qc4 Qxc4 18. Nxc4 bxa3 19. Nxa3 h6 20. g4 Rb8 21.
Nd2 d5 22. Ba4 Bd6 23. f4 Ke7 24. Nc2 g5 25. g3 Nb6 26. Bb3 Bc6 27. Rc1 Bb5 28.
Na1 a5 29. f5 Bxg3 30. Rg2 Bd6 31. Nc2 Bd3 32. Nf3 a4 33. Nfe1 axb3 34. Nxd3
bxc2+ 35. Rgxc2 Nc4 36. Rd2 Rhc8 37. e4 Na3+ 38. Ka2 Rxc1 39. Nxc1 Nc4 40. exd5
Bf4 41. Nd3 Ne3 42. Nxf4 gxf4 43. Rh2 Nxd5 44. Rxh6 Rg8 45. fxe6 fxe6 46. Rh7+
Kd6 47. Rh4 f3 48. Rh3 Rf8 49. Rh1 f2 0-1

[Event "Summer Team Tournament 2020"]
[Site "Skype"]
[Date "????.??.??"]
[Round "2"]
[White "Dorneles, Luis Eduardo"]
[Black "Hernandez, Ivan"]
[Result "1-0"]
[WhiteElo "1011"]
[BlackElo "1000"]
[PlyCount "59"]

1. e4 e5 2. Nf3 Nf6 3. Nc3 d6 4. d4 Be6 5. dxe5 dxe5 6. Qxd8+ Kxd8 7. Nxe5 Nc6
8. Nxc6+ bxc6 9. Bg5 Be7 10. Bd3 h6 11. Be3 c5 12. O-O Rb8 13. b3 a6 14. Bxa6
Bd6 15. Rad1 Ng4 16. Bxc5 Kd7 17. Nb5 Nxh2 18. Rfe1 Rhd8 19. e5 c6 20. Nxd6 Ng4
21. Nxf7+ Bd5 22. Nxd8 Rxd8 23. e6+ Ke8 24. e7 Ra8 25. Bb5 Nf6 26. Ba4 g5 27.
c4 Ra5 28. Bb6 Ra8 29. cxd5 g4 30. Bxc6+ 1-0

[Event "Summer Team Tournament 2020"]
[Site "Skype"]
[Date "????.??.??"]
[Round "3"]
[White "Benson, Paul"]
[Black "Rajpurohit, Dinesh"]
[Result "1-0"]
[WhiteElo "2080"]
[BlackElo "1613"]
[PlyCount "53"]

1. e4 e6 2. d4 d5 3. Nc3 Nf6 4. e5 Nfd7 5. Nf3 c5 6. dxc5 Bxc5 7. Bd3 Nc6 8.
Qe2 O-O 9. Bxh7+ Kh8 10. Ng5 Ncxe5 11. Qh5 Nf6 12. Qh3 Nfg4 13. Bd3+ Nh6 14.
Be2 Qf6 15. Nge4 dxe4 16. Nxe4 Bxf2+ 17. Nxf2 Kg8 18. O-O Nf5 19. Nd3 Nxd3 20.
Bxd3 Bd7 21. Rf2 Qe5 22. g4 Nh6 23. Bxh6 gxh6 24. Qxh6 f5 25. gxf5 Rf6 26. Rg2+
Kf7 27. Rg7+ 1-0

[Event "Summer Team Tournament 2020"]
[Site "Skype"]
[Date "????.??.??"]
[Round "3"]
[White "Trivedi, Viral"]
[Black "Gharbi, Said"]
[Result "1-0"]
[WhiteElo "1535"]
[BlackElo "1578"]
[PlyCount "61"]

1. d4 e5 2. dxe5 Nc6 3. Nf3 Qe7 4. c3 Nxe5 5. Nxe5 Qxe5 6. Nd2 b5 7. Nf3 Qe7 8.
Bf4 d6 9. e3 a6 10. Qd5 Ra7 11. Nd4 Nf6 12. Qf3 Bb7 13. Qd1 Nd5 14. Bg3 g6 15.
a4 b4 16. Bc4 Nb6 17. Bb3 bxc3 18. bxc3 Bxg2 19. Rg1 Bb7 20. a5 Nd7 21. Ba4 Bg7
22. Rc1 c5 23. Nc6 Bxc6 24. Bxc6 Be5 25. Qf3 O-O 26. h4 h5 27. Bxe5 Nxe5 28.
Qd5 Rd8 29. f4 Nxc6 30. Rxg6+ Kh7 31. Qxh5# 1-0

[Event "Summer Team Tournament 2020"]
[Site "Skype"]
[Date "????.??.??"]
[Round "3"]
[White "De Coninck, Philippe"]
[Black "Solanki, Pragnesh"]
[Result "1-0"]
[WhiteElo "1335"]
[BlackElo "1239"]
[PlyCount "68"]

1. d4 Nf6 2. Nf3 g6 3. Bf4 Bg7 4. e3 d6 5. Bd3 c5 6. c3 Qb6 7. Qb3 O-O 8. Nbd2
Nbd7 9. a3 Nh5 10. Bg3 e5 11. dxe5 Nxe5 12. Nxe5 Nxg3 13. hxg3 Bxe5 14. Bc4 Qc7
15. Ne4 Bf5 16. Ng5 h5 17. O-O-O b5 18. Bd5 Rab8 19. Rh4 b4 20. Nxf7 Rxf7 21.
Bxf7+ Qxf7 22. Qxf7+ Kxf7 23. axb4 cxb4 24. Rxb4 Rb6 25. f4 Bg4 26. Rd5 Rxb4
27. cxb4 Ke6 28. Ra5 Bd4 29. exd4 d5 30. Rxa7 Kf5 31. Re7 Kf6 32. Re5 Be6 33.
b5 Ke7 34. b6 Kd6 1-0

[Event "Summer Team Tournament 2020"]
[Site "Skype"]
[Date "????.??.??"]
[Round "3"]
[White "Rathi, Himanshi"]
[Black "Bucherie, Volcy"]
[Result "1-0"]
[WhiteElo "1177"]
[BlackElo "1172"]
[PlyCount "77"]

1. d4 e5 2. dxe5 Nc6 3. Nf3 Bb4+ 4. c3 Ba5 5. Bg5 Nge7 6. e4 O-O 7. Bc4 d6 8.
exd6 cxd6 9. h3 a6 10. O-O Ne5 11. Nxe5 dxe5 12. Qxd8 Rxd8 13. Bxe7 Rd7 14. Bg5
h6 15. Be3 Rc7 16. Bd5 Bd7 17. b4 Bb5 18. Rd1 Ba4 19. Bb3 Bc6 20. Nd2 b6 21.
bxa5 bxa5 22. f3 Bb5 23. Rac1 Rd8 24. Bb6 Be2 25. Bxc7 Bxd1 26. Bxd8 Bxb3 27.
axb3 a4 28. bxa4 Kf8 29. c4 Ke8 30. Ba5 g6 31. c5 f5 32. c6 fxe4 33. Nxe4 g5
34. c7 Kf7 35. c8=Q Kg6 36. g4 h5 37. Rc6+ Kf7 38. Qb7+ Ke8 39. Rc8# 1-0

[Event "Summer Team Tournament 2020"]
[Site "Skype"]
[Date "????.??.??"]
[Round "3"]
[White "Pena, Eduin"]
[Black "Esmeralda Sanchez Ruiz, Piedad"]
[Result "1/2-1/2"]
[WhiteElo "1833"]
[BlackElo "1721"]
[PlyCount "122"]

1. e3 Nf6 2. b3 d5 3. Bb2 e6 4. f4 Be7 5. Nf3 c5 6. Bb5+ Bd7 7. Bxd7+ Nbxd7 8.
O-O O-O 9. d3 Rc8 10. Ne5 b5 11. Nd2 Nb6 12. c4 bxc4 13. bxc4 dxc4 14. Ndxc4
Qc7 15. g4 Rcd8 16. g5 Ne8 17. Rf3 Nxc4 18. Nxc4 f6 19. h4 Nd6 20. Nxd6 Qxd6
21. e4 Qc7 22. Qb3 Qb6 23. Rc1 Qxb3 24. axb3 Rb8 25. Rc3 Rb5 26. Ba3 Rd8 27.
Rf2 Kf7 28. Rfc2 Rd7 29. Kf2 Kg6 30. Ke3 h6 31. gxh6 Kxh6 32. Rc1 g6 33. Bxc5
Bxc5+ 34. Rxc5 Rxb3 35. R1c3 Rxc3 36. Rxc3 Kg7 37. d4 Kf7 38. Rc5 Ke7 39. f5
exf5 40. exf5 g5 41. hxg5 fxg5 42. Rc6 Kf7 43. Rg6 Re7+ 44. Kd3 Rb7 45. d5 g4
46. Rxg4 Kf6 47. Rf4 a5 48. Ra4 Kxf5 49. Rxa5 Ke5 50. Kc4 Kd6 51. Ra6+ Kd7 52.
Kc5 Rc7+ 53. Kd4 Rb7 54. Ke5 Rb1 55. Ra7+ Kd8 56. Kd6 Rb6+ 57. Kc5 Rg6 58. d6
Rg1 59. d7 Rc1+ 60. Kd6 Rd1+ 61. Ke6 Re1+ 1/2-1/2

[Event "Summer Team Tournament 2020"]
[Site "Skype"]
[Date "????.??.??"]
[Round "3"]
[White "Sanchez Ruiz, Justo"]
[Black "Contreras, Leidy Tatiana"]
[Result "1-0"]
[WhiteElo "1547"]
[BlackElo "1355"]
[PlyCount "43"]

1. e4 c5 2. Nf3 Nc6 3. d4 cxd4 4. Nxd4 g6 5. Nc3 Bg7 6. Be3 Qa5 7. Bc4 Ne5 8.
Bb3 Nf6 9. O-O O-O 10. h3 a6 11. f4 Nc6 12. Qf3 e5 13. Nxc6 bxc6 14. f5 Kh8 15.
g4 Bb7 16. Qf2 d5 17. Bb6 Nxe4 18. Bxa5 Nxf2 19. Rxf2 e4 20. Rd1 gxf5 21. Rxf5
Rad8 22. Bxd8 1-0

[Event "Summer Team Tournament 2020"]
[Site "Skype"]
[Date "????.??.??"]
[Round "3"]
[White "Vasquez, Alejandra"]
[Black "Alarcon Alarcon, Florentina"]
[Result "0-1"]
[WhiteElo "1000"]
[BlackElo "1363"]
[PlyCount "62"]

1. d4 d5 2. Nf3 Nf6 3. g3 e6 4. Bg5 Be7 5. e3 Nbd7 6. Nbd2 c5 7. c3 O-O 8. Bd3
h6 9. Bxf6 Nxf6 10. O-O cxd4 11. exd4 a6 12. Re1 b5 13. a3 Bb7 14. Qc2 Re8 15.
Nf1 Bd6 16. Ne5 Rc8 17. f4 Ne4 18. Bxe4 dxe4 19. Ne3 h5 20. Kg2 Bxe5 21. fxe5
Qg5 22. Qf2 h4 23. g4 Kh7 24. Kh3 Rh8 25. Qxf7 Rcf8 26. Qh5+ Qxh5 27. gxh5 Rf3+
28. Kxh4 g5+ 29. Kxg5 Rg8+ 30. Kh4 Rf2 31. Rf1 Rxh2# 0-1

[Event "Summer Team Tournament 2020"]
[Site "Skype"]
[Date "????.??.??"]
[Round "3"]
[White "Alarcon Alarcon, Marina"]
[Black "Pantaleon, Julio"]
[Result "0-1"]
[WhiteElo "1198"]
[BlackElo "1000"]
[PlyCount "72"]

1. e4 a6 2. Nf3 Nc6 3. d4 e6 4. Nc3 Bb4 5. Bd2 d5 6. e5 Nge7 7. Bd3 Nf5 8. Bxf5
exf5 9. Bg5 f6 10. exf6 gxf6 11. Qe2+ Kf7 12. Be3 Re8 13. O-O-O Bxc3 14. bxc3
f4 15. Qd3 fxe3 16. fxe3 Kg8 17. h3 Be6 18. g4 Qd6 19. g5 Qg3 20. gxf6 Qxf3 21.
Rhg1+ Kh8 22. Rg7 Bf5 23. Rf1 Bxd3 24. Rxf3 Be4 25. Rfg3 Rac8 26. f7 Rf8 27.
R3g5 Ne7 28. h4 Nf5 29. Rg8+ Rxg8 30. fxg8=Q+ Rxg8 31. Rxg8+ Kxg8 32. Kd2 Nxh4
33. a4 h5 34. a5 Nf3+ 35. Ke2 h4 36. Kf2 h3 0-1

[Event "Summer Team Tournament 2020"]
[Site "Skype"]
[Date "????.??.??"]
[Round "3"]
[White "Caputi, Giuliano"]
[Black "Sepulveda, Lyda Marcela"]
[Result "1/2-1/2"]
[WhiteElo "1793"]
[BlackElo "1672"]
[PlyCount "71"]

1. e4 c6 2. d4 d5 3. e5 Bf5 4. Nd2 e6 5. h4 h6 6. g4 Bh7 7. f4 Be7 8. Ngf3 Nd7
9. c3 Rc8 10. b4 a5 11. a3 axb4 12. axb4 Ra8 13. Bb2 Rxa1 14. Qxa1 Qc8 15. Rh2
f6 16. Nb3 fxe5 17. fxe5 Be4 18. Nfd2 Bh7 19. Nc1 Qd8 20. h5 Bh4+ 21. Kd1 Qg5
22. Be2 Bg3 23. Rg2 Qh4 24. Nf1 Bf4 25. Qa8+ Ke7 26. Nd3 Bxd3 27. Bxd3 Qh3 28.
Bg6 Ngf6 29. Qxh8 Qf3+ 30. Re2 Qxf1+ 31. Re1 Qf3+ 32. Kc2 Qf2+ 33. Kb3 Qxe1 34.
Qxg7+ Kd8 35. exf6 Qe2 36. Qe7+ 1/2-1/2

[Event "Summer Team Tournament 2020"]
[Site "Skype"]
[Date "????.??.??"]
[Round "3"]
[White "Chavero, Victor"]
[Black "Ramirez Reina, Orlando"]
[Result "1-0"]
[WhiteElo "1448"]
[BlackElo "1497"]
[PlyCount "57"]

1. d4 d5 2. Nf3 Nf6 3. e3 c6 4. Bd3 Nbd7 5. b3 e6 6. Bb2 Bd6 7. Nbd2 O-O 8. O-O
Qc7 9. e4 dxe4 10. Nxe4 Nxe4 11. Bxe4 Nf6 12. Bd3 Re8 13. Re1 Ng4 14. Ne5 Nxe5
15. dxe5 Bb4 16. Re4 Bf8 17. Qh5 g6 18. Qh3 Bg7 19. Rae1 a5 20. R1e3 b5 21. Rg3
Bb7 22. Rh4 h5 23. Bxg6 fxg6 24. Rxg6 Qf7 25. Qg3 b4 26. Rf6 Qe7 27. Rxh5 Ba6
28. Qg6 Rf8 29. Qh7# 1-0

[Event "Summer Team Tournament 2020"]
[Site "Skype"]
[Date "????.??.??"]
[Round "3"]
[White "Crocioni, Luca"]
[Black "Felippe e Silva, Glenda"]
[Result "1/2-1/2"]
[WhiteElo "1332"]
[BlackElo "1308"]
[PlyCount "53"]

1. e4 c6 2. d4 d5 3. exd5 cxd5 4. Nf3 Bf5 5. Bd3 Bxd3 6. Qxd3 Nf6 7. O-O e6 8.
Bg5 Be7 9. Nc3 h6 10. Be3 O-O 11. Qd2 Nc6 12. Bxh6 gxh6 13. Qxh6 Nh7 14. Qh5
Ng5 15. Nxg5 Bxg5 16. f4 Bf6 17. Ne2 Re8 18. Rf3 Kf8 19. f5 Ke7 20. fxe6 fxe6
21. c3 Rh8 22. Qg4 Qd6 23. Nf4 Kd7 24. Re1 Rae8 25. Qg6 Bd8 26. Qg7+ Qe7 27.
Qxe7+ 1/2-1/2

[Event "Summer Team Tournament 2020"]
[Site "Skype"]
[Date "????.??.??"]
[Round "3"]
[White "Meza, Rafael"]
[Black "Tolaro, Filippa"]
[Result "1-0"]
[WhiteElo "1000"]
[BlackElo "1000"]
[PlyCount "71"]

1. c4 c6 2. g3 d5 3. e3 Nf6 4. Nc3 Bf5 5. d3 e6 6. Bg2 Nbd7 7. Nge2 Bd6 8. O-O
h6 9. Re1 O-O 10. e4 dxe4 11. dxe4 Nxe4 12. Nxe4 Bb4 13. Bd2 Bxd2 14. Qxd2 Re8
15. Rad1 e5 16. Nd6 Re7 17. Nxf5 Re8 18. Qxd7 Qxd7 19. Rxd7 Rab8 20. Nd6 Re6
21. Nxf7 e4 22. Nf4 Rf6 23. Rxe4 Kh7 24. Ree7 Rf8 25. Be4+ g6 26. Ng5+ Kg8 27.
Nge6 R8f7 28. Rd8+ Kh7 29. Ree8 Rf8 30. Nxf8+ Kg7 31. N8xg6 h5 32. c5 h4 33.
Nxh4 Kh6 34. Rg8 Rf7 35. g4 Rxf4 36. Rd6+ 1-0

[Event "Summer Team Tournament 2020"]
[Site "Skype"]
[Date "????.??.??"]
[Round "3"]
[White "Farthouat, Titoine"]
[Black "Tiberio, Pedro"]
[Result "0-1"]
[WhiteElo "1843"]
[BlackElo "1564"]
[PlyCount "52"]

1. e4 e6 2. d4 d5 3. exd5 exd5 4. Nf3 Nf6 5. Bd3 Bd6 6. Qe2+ Be7 7. O-O O-O 8.
Bf4 Re8 9. Ne5 c5 10. c3 Nc6 11. Nxc6 bxc6 12. Qd2 c4 13. Bc2 Nd7 14. Be3 Bd6
15. Bd1 Nf6 16. Bf3 Rb8 17. Bg5 Bf5 18. b3 cxb3 19. axb3 Rxb3 20. Qa2 Qb8 21.
Bxf6 gxf6 22. Bh5 Re7 23. g4 Bxh2+ 24. Kh1 Bd3 25. Nd2 Rb2 26. Qa3 Bd6 0-1

[Event "Summer Team Tournament 2020"]
[Site "Skype"]
[Date "????.??.??"]
[Round "3"]
[White "Silva, Givson"]
[Black "Thoune, Jim"]
[Result "1-0"]
[WhiteElo "1403"]
[BlackElo "1589"]
[PlyCount "49"]

1. e4 c6 2. d4 d5 3. Nc3 Nd7 4. exd5 cxd5 5. Nxd5 Qa5+ 6. Nc3 e5 7. Nf3 Ngf6 8.
dxe5 Nd5 9. Qxd5 Bb4 10. Bd2 O-O 11. Qxa5 Bxa5 12. O-O-O Re8 13. Nb5 Bb6 14.
Bc4 Nxe5 15. Rhe1 Bg4 16. Nxe5 Rxe5 17. Rxe5 Bxd1 18. Kxd1 a6 19. Nc3 Kf8 20.
Ne4 Rd8 21. Kc1 g6 22. Bh6+ Kg8 23. Re7 Bd4 24. Rxf7 Kh8 25. Ng5 1-0